Lush songs - Mitski - Statistics

General Stats
  • This quiz has been taken 111 times
  • The average score is 8 of 9
Answer Stats
Songs % Correct
Wife
96%
Liquid Smooth
94%
Brand New City
93%
Eric
93%
Bag of Bones
88%
Door
88%
Abbey
85%
Pearl Diver
85%
Real Men
85%
No matching quizzes found
Score Distribution
Percent of People with Each Score
Percentile by Number Answered
Your Score History
You have not taken this quiz